LDR 00927naa#a2200181#i#450# 001 RU\\bibl\124881 005 20260604010307.4 011 ## _a2221-3260 100 ## _a20260331b2026####ek#y0rusy0150####ca 102 ## _aRU 200 1# _aИнституциональный подход к обеспечению устойчивости инновационных корпоративных структур в электроэнергетике регионов _eЖурнальная статья 210 1# _aЯрославль _cЯрославский государственный технический университет _d2026 215 ## _a12 с. 608 ## _aЖурнальная статья _2local 700 #1 _aКоречков _gЮрий Викторович 700 #1 _aКваша _gВладимир Александрович 700 #1 _aСироткин _gСергей Александрович 856 4# _atheoreticaleconomy.ru _u